02219nam a2200277uu 4500001000800000005001700008008004100025020001800066035001200084040001300096041000800109082000800117100004900125245003100174250001100205260006000216300003500276490003600311520143000347650002701777650001401804650003601818650001901854650003301873700003501906139483120260508085552.0141210s2014 spa  a9789587221961 a1394831 ccomduadb aspa 4a67110aMarulanda Arévalo, José Luddey4auteaut10aInspección de soldaduras a1. ed. aPereira :bUniversidad Tecnológica de Pereira,c2014. a147 páginas :bilustraciones0 aColección Textos Académicos3 aEl propósito de la inspección de soldadura es determinar Y asegurar que los ensambles soldados satisfacen los requerimientos de la normatividad aplicable, ya que es responsabilidad de las empresas fabricantes de productos soldados comprobar que sus productos sean de calidad; entendiéndose como calidad, que estén de conformidad con los requerimientos del cliente y lo establecido en códigos, normas y especificaciones de soldadura, con el mínimo de costos. La sociedad americana de soldadura (AWS), cubre los requisitos de estudio, experiencia laboral y la forma de evaluar los conocimientos adquiridos para todo el personal de soldadura; así como la responsabilidad en la evaluación de las soldaduras, de conformidad con los códigos, especificaciones y/o estándares requeridos en las actividades productivas. La calidad en la soldadura se mejora con capacitación, mejorando la metodología de trabajo, conociendo los costos de la baja calidad y realizando los controles adecuados. Lo anterior mejora el proceso productivo de las empresas Y redunda en la calidad del producto. Este libro pretende aportar en el cómo se debe realizar una inspección de una unión soldada y cuáles son los pasos a seguir antes, durante y después de realizar una soldadura, para que ingenieros y profesionales afines puedan tener un mejor conocimiento de cómo se realiza la inspección a las juntas soldadas. aSoldadura - Técnicas aSoldadura 7aProcesos de manufactura2armarc aMetalografía aNormalización de soldadura10aAlucema Gallo, Oscar4auteaut